[Event "ESP-ch U10"]
[Site "Salobrena"]
[Date "2023.07.05"]
[Round "4"]
[White "Velasquez Vargas, Sebastian"]
[Black "Fuentes De Nova, Sebastian"]
[Result "0-1"]
[WhiteElo "1427"]
[BlackElo "1608"]
[PlyCount "150"]
[EventDate "2023.07.03"]
[EventType "swiss"]
[EventRounds "9"]
[EventCountry "ESP"]
[SourceTitle "EXT 2024"]
[Source "ChessBase"]
[SourceDate "2023.10.10"]
[SourceVersion "1"]
[SourceVersionDate "2023.10.10"]
[SourceQuality "1"]

1. e4 e5 2. Nf3 Nc6 3. Bc4 Bc5 4. c3 Nf6 5. d4 exd4 6. e5 d5 7. Bb5 Ne4 8. cxd4 Bb4+ 9. Nbd2 Bd7 10. a3 Bxd2+ 11. Bxd2 Nxe5 12. Be2 Nxf3+ 13. Bxf3 Nxd2 14. Qxd2 c6 15. 0-0 0-0 16. Qb4 Qb6 17. Qd2 Rfe8 18. Bh5 Re4 19. Rad1 Rae8 20. Rfe1 Qxd4 21. Rxe4 Qxe4 22. Kf1 Bg4 23. Bxg4 Qxg4 24. Rc1 Qe6 25. Rc3 Qg6 26. Rc1 Qd6 27. g3 Qe6 28. Kg1 h6 29. Qa5 Qe2 30. Qb4 Qe7 31. Qa4 a6 32. Qb3 Kh7 33. Qc2+ g6 34. Qb3 Kg7 35. Rc3 Qe1+ 36. Kg2 Qe4+ 37. Kg1 Re7 38. Rc1 d4 39. Rd1 c5 40. Qc4 Qe2 41. Rd3 Re5 42. Qb3 b5 43. Qd1 Qxd1+ 44. Rxd1 Rd5 45. Kg2 Re5 46. Kf3 f5 47. Rd2 g5 48. b3 Kf6 49. h3 Ke6 50. h4 g4+ 51. Kg2 h5 52. f4 gxf3+ 53. Kxf3 Re3+ 54. Kf4 Rxb3 55. Kg5 Rxg3+ 56. Kxh5 Kf6 57. Kh6 Rxa3 58. h5 Rh3 59. Ra2 d3 60. Rxa6+ Ke5 61. Ra2 b4 62. Kg6 Rg3+ 63. Kh7 Kd4 64. h6 b3 65. Rb2 Kc3 66. Rb1 Kc2 67. Rh1 b2 68. Kh8 b1Q 69. Rxb1 Kxb1 70. h7 Rh3 71. Kg7 d2 72. Kh8 d1Q 73. Kg7 Qd7+ 74. Kf8 Rxh7 75. Kg8 Qg7# 0-1

[Event "ESP-ch U10"]
[Site "Salobrena"]
[Date "2023.07.03"]
[Round "1"]
[White "Fuentes De Nova, Sebastian"]
[Black "Simion, Edward Matei"]
[Result "1-0"]
[WhiteElo "1608"]
[BlackElo "1121"]
[PlyCount "135"]
[EventDate "2023.07.03"]
[EventType "swiss"]
[EventRounds "9"]
[EventCountry "ESP"]
[SourceTitle "EXT 2024"]
[Source "ChessBase"]
[SourceDate "2023.10.10"]
[SourceVersion "1"]
[SourceVersionDate "2023.10.10"]
[SourceQuality "1"]

1. d4 Nf6 2. Nf3 g6 3. c4 Bg7 4. Nc3 0-0 5. e3 d6 6. Bd3 Nbd7 7. 0-0 Re8 8. e4 e5 9. d5 c6 10. Be3 Ng4 11. Qd2 Nxe3 12. fxe3 Nf6 13. Rac1 Bh6 14. Rfe1 Bg4 15. Be2 Qb6 16. Bd1 Rac8 17. h3 Bxf3 18. Bxf3 cxd5 19. cxd5 Rc4 20. b3 Rd4 21. Qe2 Rb4 22. Na4 Qb5 23. Qxb5 Rxb5 24. g4 Rb4 25. Nc3 Rc8 26. h4 Nxe4 27. Bxe4 Rxe4 28. Nxe4 Rxc1 29. Rxc1 Bxe3+ 30. Kg2 Bxc1 31. Nxd6 e4 32. Nxe4 Ba3 33. Kf3 h5 34. gxh5 gxh5 35. Nf6+ Kf8 36. Nxh5 Be7 37. Kg3 f5 38. Nf4 Kf7 39. Kf3 Bd6 40. Ng2 Kf6 41. Ne3 Ke5 42. Nc4+ Kxd5 43. Nxd6 Kxd6 44. Kf4 Ke6 45. Kg5 Kf7 46. Kxf5 b6 47. Ke5 Kg6 48. Kd5 Kh5 49. Kc6 Kxh4 50. Kb7 Kg4 51. Kxa7 b5 52. Kb6 b4 53. Kc5 Kf5 54. Kxb4 Ke5 55. Kc5 Ke6 56. Kc6 Ke7 57. Kc7 Ke6 58. a4 Kd5 59. a5 Kc5 60. a6 Kb4 61. a7 Kb5 62. a8Q Kb4 63. Kc6 Kc3 64. Kc5 Kb2 65. Kc4 Kc2 66. Qa2+ Kd1 67. Kd3 Ke1 68. Qe2# 1-0